Elemental Words - Countries Edition #3 - Statistics

General Stats
  • This quiz has been taken 193 times
  • The average score is 10 of 11
Answer Stats
Elements Combined Symbols Answer % Correct
Gallium + Boron + Oxygen + Nitrogen Ga + B + O + N Gabon
99%
Carbon + Yttrium + Praseodymium + Uranium + Sulfur C + Y + Pr + U + S Cyprus
94%
Iodine + Cerium + Lanthanum + Neodymium I + Ce + La + Nd Iceland
94%
Barium + Hydrogen + Americium + Arsenic Ba + H + Am + As Bahamas
93%
Phosphorus + Hydrogen + Iodine + Lithium + Phosphorus + Phosphorus + Indium + Einsteinium P + H + I + Li + P + P + In + Es Philippines
89%
Beryllium + Nickel + Nitrogen Be + Ni + N Benin
88%
Uranium + Potassium + Radium + Iodine + Neon U + K + Ra + I + Ne Ukraine
88%
Potassium + Iridium + Iodine + Barium + Titanium K + Ir + I + Ba + Ti Kiribati
83%
Molybdenum + Sodium + Cobalt Mo + Na + Co Monaco
83%
Protactinium + Potassium + Iodine + Sulfur + Tantalum + Nitrogen Pa + K + I + S + Ta + N Pakistan
83%
Boron + Uranium + Ruthenium + Neodymium + Iodine B + U + Ru + Nd + I Burundi
81%
No matching quizzes found
Score Distribution
Percent of People with Each Score
Percentile by Number Answered
Your Score History
You have not taken this quiz